| 000 | 01119nam a2200325 a 4500 | ||
|---|---|---|---|
| 001 | 42301 | ||
| 003 | (BD-RJUL) | ||
| 005 | 20211209053524.0 | ||
| 008 | 160611r19641960ilu b 000 0 eng | ||
| 035 |
_aMITb10501010 _a(BD-RJUL) 42419 |
||
| 035 | _a(OCoLC)00265689 | ||
| 035 | _aGLIS00501010 | ||
| 040 |
_aDLC _cDLC _dm.c. _dRCD _d(BD-RJUL) _beng |
||
| 041 | _aeng | ||
| 082 |
_223 _a324.273 _bPOL 1964 |
||
| 090 |
_aJK2265 _b.G624 1964 |
||
| 099 | _aJK2265.G624 1964 | ||
| 245 | 1 | 0 |
_aPolitical parties, U.S.A. / _cEssays by Stephen K. Bailey [and others] Edited by Robert A. Goldwin. |
| 260 |
_aChicago : _bRand McNally, _c1964 |
||
| 300 |
_a158 p. ; _c22 cm. |
||
| 490 | 1 | _aRand McNally public affairs series | |
| 500 | _aPublished in 1960 under title: Political parties in the United States. | ||
| 504 | _aBibliographical footnotes. | ||
| 650 | 0 |
_aPolitical parties _zUnited States. _9125434 |
|
| 700 | 1 |
_aBailey, Stephen K. _q(Stephen Kemp) _9130087 |
|
| 830 | 0 |
_aRand McNally public affairs series. _9130088 |
|
| 942 |
_2ddc _cBK |
||
| 949 |
_aMYGD _aMYGD _aMYGD _aMYGD |
||
| 999 |
_c42301 _d42301 |
||